00673nam a2200193Ia 4500008004100000020001300041082001600054100002300070245009000093250000700183260003600190300002700226500001900253600003300272650001600305942000700321952013600328999001500464240925s9999 xx 000 0 und d a70991367 a511.324 MEN aMendelson, Elliott 0aSchaum's Outline Series Theory And Problems of Boolean Algebra and Switching Circuits aNA aNew York:bMc Graw HIllc,1987. axv,514p.bNAfOriginal aIncludes Index aHumanities & Natural Science aMathematics cBK 001040708HUMaUITUbUITUd1995-02-09eParamount Book Pvt Ltdg206.16l0o511.324 MENpQ0065r2024-09-25 07:11:55w2024-09-25yBK c2564d2564